| Tag |
First Indicator |
Second Indicator |
Subfields |
| LEADER |
00000cam a2200000 a 4500 |
| 001 |
in00000978708 |
| 005 |
20150927115049.0 |
| 008 |
901025s1990 dcu bs f00010 eng d |
| 010 |
|
|
|a (DG91054046
|
| 020 |
|
|
|c $5.50
|
| 035 |
|
|
|a (OCoLC)22579207
|
| 035 |
|
|
|9 AEX0339AM
|
| 037 |
|
|
|a 065-000-00430-5
|b GPO
|
| 040 |
|
|
|a GPO
|c GPO
|d DLC
|d UtOrBLW
|
| 043 |
|
|
|a n-us---
|
| 074 |
|
|
|a 455-G-9
|
| 086 |
0 |
|
|a ED 1.328:M 42
|
| 088 |
|
|
|a NCES 90-491
|
| 100 |
1 |
|
|a Sedlacek, Deborah Sherman,
|d 1948-
|
| 245 |
1 |
0 |
|a National assessment of educational progress, 1985-86 :
|b mathematics achievement and classroom instructional activities /
|c Deborah Sherman Sedlacek.
|
| 264 |
|
1 |
|a Washington, D.C. :
|b U.S. Dept. of Education, Office of Educational Research and Improvement :
|c [1990]
|
| 264 |
|
2 |
|a Washington, D.C. :
|b [Supt. of Docs., U.S. G.P.O., distributor],
|
| 300 |
|
|
|a ix, 19, 104 pages ;
|c 28 cm.
|
| 336 |
|
|
|a text
|b txt
|2 rdacontent
|
| 337 |
|
|
|a unmediated
|b n
|2 rdamedia
|
| 338 |
|
|
|a volume
|b nc
|2 rdacarrier
|
| 490 |
1 |
|
|a Survey report (Sept. 1990)
|
| 500 |
|
|
|a "National Center for Education Statistics."
|
| 500 |
|
|
|a Shipping list number: 90-637-P.
|
| 504 |
|
|
|a Includes bibliographical references (pages 17, 2nd group).
|
| 500 |
|
|
|a "NCES 90-491."
|
| 650 |
|
0 |
|a Mathematics
|x Study and teaching
|z United States
|x Statistics.
|
| 650 |
|
0 |
|a Mathematical ability
|x Statistics.
|
| 650 |
|
0 |
|a Academic achievement
|z United States
|v Statistics.
|
| 710 |
2 |
|
|a National Center for Education Statistics.
|
| 740 |
0 |
|
|a Mathematics achievement and classroom instructional activities.
|
| 830 |
|
0 |
|a Survey report (National Center for Education Statistics)
|
| 999 |
|
|
|a MARS
|
| 999 |
f |
f |
|s 87ea128f-22eb-3326-acc5-39b520613a72
|i 11c1d5da-8943-35ec-8bce-1f4a511bfb00
|t 0
|
| 952 |
f |
f |
|p normal
|a Texas A&M University
|b College Station
|c Sterling C. Evans Library
|d Evans: US Documents (Annex 5th floor)
|t 0
|e ED 1.328:M 42
|h Superintendent of Documents classification
|i unmediated -- volume
|m A14814181522
|
| 998 |
f |
f |
|a ED 1.328:M 42
|t 0
|l Evans: US Documents (Annex 5th floor)
|